[Event "KEN-ch"]
[Site "Nairobi"]
[Date "2015.12.11"]
[Round "3"]
[White "Getuma Omondi, George"]
[Black "Timothy, Omondi"]
[Result "1/2-1/2"]
[WhiteElo "1826"]
[BlackElo "1596"]
[PlyCount "53"]
[EventDate "2015.12.11"]
[EventType "swiss"]
[EventRounds "8"]
[EventCountry "KEN"]
[SourceTitle "CBM 170 Extra"]
[Source "ChessBase"]
[SourceDate "2016.02.25"]
[SourceVersion "1"]
[SourceVersionDate "2016.02.25"]
[SourceQuality "1"]

1. e4 c5 2. Nc3 d6 3. f4 g6 4. Nf3 Bg7 5. Bb5+ Bd7 6. Bc4 e6 7. 0-0 Ne7 8. d3 0-0 9. Qe1 Nbc6 10. a3 a6 11. Qh4 b5 12. Ba2 Nd4 13. Nxd4 Bxd4+ 14. Kh1 Nc6 15. Qh3 Bg7 16. Be3 Nd4 17. Rf2 Bc6 18. Raf1 b4 19. axb4 cxb4 20. Nd1 Qa5 21. Bb1 Qa1 22. Bxd4 Bxd4 23. Ne3 Qxb2 24. f5 exf5 25. exf5 Bd7 26. Qg3 Bxe3 27. Qxe3 1/2-1/2